000 00541nam a2200169 a 4500
005 20140412111241.0
008 010503s19uu xx 00 eng d
020 _a0-938256-57-2
050 _aTR(GS 793.3
_bG797 1994
100 _aGregorich, Barbara
245 _aMazes, preschool /
_cwritten by Barbara Gregorich; edited by Joan Hoffman; illustrated by Richard Pape.
260 _aGrand Have, MI :
_bSchool Zone Publishing Company,
_c1994.
300 _a32p. ; ill.
440 _aA Get Ready! Book
650 _aTitle
999 _c102732
_d102732